Capital cities of oceania countries - Statistics

General Stats
  • This quiz has been taken 135 times
  • The average score is 8 of 14
Answer Stats
country capital % Correct
australia canberra
98%
new zealand wellington
91%
papua new guinea port moresby
71%
fiji suva
64%
tuvalu funafuti
57%
vanuatu port vila
55%
samoa apia
54%
micronesia palikir
52%
solomon islands honiara
48%
marshall islands majuro
48%
tonga nukuálofa
46%
nauru yaren
46%
kiribati tarawa
41%
palau ngerulmud
39%
No matching quizzes found
Score Distribution
Percent of People with Each Score
Percentile by Number Answered
Your Score History
You have not taken this quiz